000 00582nam a2200181Ia 4500
005 20250326141823.0
008 250326s9999 xx 000 0 und d
037 _aTextbook
040 _aFMSL
_beng
_cFMSL
041 _aeng
_2eng
084 _aX:8ogD658(2:55) M9
_qFMSL
100 _aNagaraja S Ed.
_9745117
245 0 _aDistributed data bases: plan for Intraction and one-line search
_cNagaraja S And Others Ed.
260 _aNew Delhi
_bNew Delhi, Information
_c1989
300 _aviii,165
942 _cTB
_hX:8ogD658(2:55) M9
999 _c1292135
_d1292135